To fight and learn the praxis and promise of literacy in Eritrea"s independence war

Uloženo v:
Podrobná bibliografie
Hlavní autor: GOTTESMAN, Leslie
Médium: Kniha
Jazyk:angličtina
Vydáno: The Red Sea Press 1998
Tagy: Přidat tag
Žádné tagy, Buďte první, kdo vytvoří štítek k tomuto záznamu!

MARC

LEADER 00000nam a22000007a 4500
008 211027b ||||| |||| 00| 0 eng d
020 |a 9781569020685 
100 |a GOTTESMAN, Leslie 
245 |a To fight and learn   |b the praxis and promise of literacy in Eritrea"s independence war  |c Les Gottesman  |g xiii, 280p. 
260 |b The Red Sea Press  |c 1998  |h Eritrea  |i 312501  |l LA 1521 . G71  |m Education---- Eritrea --- History  |m Education ----Social aspects - Eritrea   |m Politics and education --- Eritrea   |m Eritrea --- Politics --and governments  |m Literacy --- Eritrea  |m Critical theory 
500 |a It includes bibliographical references and index 
942 |a lcc  |c BK  |e Adeyeye Y. S.  |f 27/10/21 
952 |0 0  |1 0  |2 lcc  |4 0  |7 0  |9 3701  |a HOL  |b HOL  |c LP  |d 2021-10-27  |o LA 1521 .G71  |p 2021-67436  |r 2021-10-27 00:00:00  |w 2021-10-27  |y BK 
999 |c 1841  |d 1841